| 000 | 00400nam a2200169Ia 4500 | ||
|---|---|---|---|
| 008 | 210210b1957 xxu||||| |||| 00| 0 eng d | ||
| 041 | _aeng | ||
| 082 | _a425/1 | ||
| 100 | _aABERCROMBIE (D) | ||
| 245 | _aProblems and principles | ||
| 260 |
_aLondon _bLongman Green & Co. _c1957 |
||
| 650 | _aProblems | ||
| 650 | _aprinciples | ||
| 650 | _aand | ||
| 690 | _aEnglish Grammar | ||
| 906 | _a005777 | ||
| 999 |
_c128778 _d128778 |
||